=LDR 00000nam 2200000 4500 =001 INLIS000000000047846 =005 20160219091813.0 =006 =007 =008 =020 ##$$a 1.4000.9785-1 =035 ##$$0010-021600000000235 =040 ##$$a NBPDMAT =082 ##$$a 649.1 =090 ##$$a 649.1 $bCho s =100 ##$$a Chopra, Deepak =245 ##$$a The Seven spritual laws for parents : Guiding your children to success & fulfillment / Deepak Chopra =260 ##$$a New York$bThree Rivens Press$c1997 =300 ##$$a 156 hlm. ; 19 cm =650 ##$$a Anak - Disiplin =850 ##$$a NBPDMAT =990 ##$$a 31500721 =990 ##$$a 31500721/BPAP-NTB/2016